书目信息 |
| 题名: |
新交流英语
|
|
| 作者: | Diaz , 迪亚斯Isobel Rainey de Diaz 编著 | |
| 分册: | 4 学生用书 | |
| 出版信息: | 北京 外语教学与研究出版社 2002.08 |
|
| 页数: | 137页 | |
| 开本: | 28cm | |
| 丛书名: | ||
| 单 册: | ||
| 中图分类: | H31 | |
| 科图分类: | ||
| 主题词: | 英语--教学参考资料 , 英语 | |
| 电子资源: | ||
| ISBN: | 7-5600-2941-8 | |
| 000 | 01154nam0 2200289 450 | |
| 001 | 1251626123 | |
| 005 | 20120110093710.70 | |
| 010 | @a7-5600-2941-8@dCNY27.90 | |
| 090 | @aH31@bdia | |
| 096 | @aH31@bdia | |
| 100 | @a20021212d2002 em y0chiy0110 ea | |
| 101 | 0 | @aeng@gchi |
| 102 | @aCN@b110000 | |
| 105 | @aa z 000yy | |
| 200 | 1 | @a新交流英语@i学生用书@h4@b专著@f(美)迪亚斯Isobel Rainey de Diaz等编著@F(mei)di ya si Isobel Rainey de Diaz deng bian zhu@9xin jiao liu ying yu |
| 210 | @a北京@c外语教学与研究出版社@d2002.08 | |
| 215 | @a137页@c彩图,照片@d28cm | |
| 306 | @a与汤姆森学习出版集团合作出版 | |
| 330 | @a学生用书包括12个单元,每单元共10页,题材广泛,形式精简易学,采用丰富多彩、趣味横生的人物实景,营造出身临其境的真实语言场景,提供大量功能语法及结构方面的练习。 | |
| 510 | 1 | @aUp Close@eEnglish for Global Communication@iStudent Book@h4@zeng |
| 606 | 0 | @a英语@j教学参考资料 |
| 606 | 0 | @a英语 |
| 690 | @aH31@v4 | |
| 701 | 1 | @aDiaz@bIsobel Rainey de@4编著 |
| 701 | 0 | @a迪亚斯Isobel Rainey de Diaz@Adi ya si Isobel Rainey de Diaz@4编著 |
| 801 | 0 | @aCN@b大连网信软件有限公司图书馆·11@c20120110 |
| 905 | @aZUCC@dH31@eD764 | |
| 新交流英语.学生用书.4/(美)迪亚斯Isobel Rainey de Diaz等编著.-北京:外语教学与研究出版社,2002.08 |
| 137页:彩图,照片;28cm |
| ISBN 7-5600-2941-8:CNY27.90 |
| 学生用书包括12个单元,每单元共10页,题材广泛,形式精简易学,采用丰富多彩、趣味横生的人物实景,营造出身临其境的真实语言场景,提供大量功能语法及结构方面的练习。 |
| ● |
| 相关链接 |
|
|
|
正题名:新交流英语
索取号:H31/D764
 
预约/预借
| 序号 | 登录号 | 条形码 | 馆藏地/架位号 | 状态 | 备注 |
| 1 | 481739 | 204817396 | 语言库209/209语言库 81排1列1层/ [索取号:H31/D764] | 在馆 | |
| 2 | 481740 | 204817403 | 语言库209/209语言库 81排1列1层/ [索取号:H31/D764] | 在馆 | |
| 3 | 481741 | 204817412 | 语言库209/209语言库 81排1列1层/ [索取号:H31/D764] | 在馆 |